书目信息 |
| 题名: |
采购物流
|
|
| 作者: | 李雅萍 | |
| 分册: | ||
| 出版信息: | 北京 对外经济贸易大学出版社 2004 |
|
| 页数: | 311 | |
| 开本: | 20cm | |
| 丛书名: | 现代物流系列丛书 | |
| 单 册: | ||
| 中图分类: | F253.2 | |
| 科图分类: | ||
| 主题词: | 物资经济 | |
| 电子资源: | ||
| ISBN: | 7-81078-331-9 | |
| 000 | 00561nam0 2200205 450 | |
| 001 | 0760515518 | |
| 005 | 20070817164835.51 | |
| 010 | @a7-81078-331-9@d¥18.00 | |
| 100 | @a20070817d km y0chiy0120 ea | |
| 101 | 0 | @achi |
| 200 | 1 | @a采购物流@Acai gou wu liu@f李雅萍@Fli ya ping |
| 210 | @a北京@c对外经济贸易大学出版社@d2004 | |
| 215 | @a311@d20cm | |
| 225 | 2 | @a现代物流系列丛书 |
| 410 | 0 | @12001 @a现代物流系列丛书 |
| 606 | 0 | @a物资经济 |
| 690 | @aF253.2@v3 | |
| 701 | 0 | @a李雅萍@Ali ya ping |
| 801 | 0 | @aCN@bPFT@c20070817 |
| 905 | @a213230@dF253.2@eg48@f1 | |
| 采购物流/李雅萍.-北京:对外经济贸易大学出版社,2004 |
| 311;20cm.-(现代物流系列丛书) |
| ISBN 7-81078-331-9:¥18.00 |
| ● |
| 相关链接 |
|
|
|
|
正题名:采购物流
索取号:F253.2/g48
 
预约/预借
| 序号 | 登录号 | 条形码 | 馆藏地/架位号 | 状态 | 备注 |
| 1 | 6501924 | 265019240 | 密集书库-海洋学院/ [索取号:F253.2/g48] | 在馆 |